[Event "FIDE World Rapid Team"]
[Site "London ENG"]
[Date "2025.06.13"]
[Round "10.2"]
[White "Aronian, Levon"]
[Black "Keymer, Vincent"]
[Result "1/2-1/2"]
[WhiteElo "2746"]
[BlackElo "2649"]
[EventDate "2025.06.11"]
[Board "1"]

1. e4 e5 2. Nf3 Nc6 3. Bb5 a6 4. Ba4 Nf6 5. O-O b5 6. Bb3 Bb7 7. d3 Be7 8.
Nc3 O-O 9. a3 d6 10. Ba2 Qd7 11. Re1 h6 12. Nd5 Nxd5 13. Bxd5 Nd8 14. d4
exd4 15. Nxd4 Bxd5 16. exd5 Bf6 17. c3 Nb7 18. b4 Rae8 19. Rxe8 Rxe8 20.
Be3 Nd8 21. Qf3 Bxd4 22. Bxd4 f6 23. h3 Nf7 24. a4 bxa4 25. Qg4 Ne5 26.
Qxd7 Nxd7 27. Rxa4 Ra8 28. Ra5 Nb6 29. b5 Nxd5 30. c4 Nf4 31. Be3 Ne6 32.
g4 Kf7 33. f4 g6 34. f5 gxf5 35. gxf5 Ng7 36. bxa6 c5 37. Bxh6 Nxf5 38. Bf4
Ke6 39. a7 Kd7 40. Kf2 Nd4 41. h4 Nc6 42. Ra3 Rxa7 43. Rxa7+ Nxa7 44. h5
Nc6 45. h6 Ne7 46. Kg3 Nf5+ 47. Kf3 Nxh6 1/2-1/2

[Event "FIDE World Rapid Team"]
[Site "London ENG"]
[Date "2025.06.13"]
[Round "10.2"]
[White "Bluebaum, Matthias"]
[Black "Dominguez Perez, Leinier"]
[Result "0-1"]
[WhiteElo "2596"]
[BlackElo "2708"]
[EventDate "2025.06.11"]
[Board "2"]

1. d4 d5 2. c4 dxc4 3. Nf3 Nf6 4. e3 e6 5. Bxc4 c5 6. O-O Be7 7. dxc5 Qxd1
8. Rxd1 Bxc5 9. Nc3 O-O 10. Ng5 Bd7 11. Bd2 Be7 12. Rac1 Nc6 13. Nge4 Nxe4
14. Nxe4 Rfd8 15. Bc3 Be8 16. a3 Rac8 17. Bb3 Kf8 18. f4 Rxd1+ 19. Rxd1 Rd8
20. Kf2 Rxd1 21. Bxd1 Nb8 22. Be5 Nc6 23. Bc3 Nb8 24. Bf3 Bc6 25. Bd4 b6
26. g4 Bd5 27. g5 Nc6 28. Bc3 b5 29. Nd2 Bxf3 30. Kxf3 f5 31. gxf6 gxf6 32.
Nb3 f5 33. Nd4 Nxd4+ 34. Bxd4 a5 35. Bc3 Bd8 36. b4 a4 37. e4 Bb6 38. h3
Kf7 39. Be5 Kg6 40. Bb2 Kh5 41. Bf6 Ba7 42. exf5 exf5 43. Kg3 Be3 44. Bb2
Bd2 45. Kf3 Kh4 46. Ke2 Bxf4 47. Kd3 Bg5 48. Be5 Bc1 49. Bd6 Bxa3 50. Kd4
Bb2+ 51. Kd3 Kxh3 52. Kc2 Bf6 0-1

[Event "FIDE World Rapid Team"]
[Site "London ENG"]
[Date "2025.06.13"]
[Round "10.2"]
[White "Giri, Anish"]
[Black "Svane, Frederik"]
[Result "1/2-1/2"]
[WhiteElo "2688"]
[BlackElo "2476"]
[EventDate "2025.06.11"]
[Board "3"]

1. e4 e5 2. Nf3 Nc6 3. Bb5 a6 4. Ba4 Nf6 5. O-O Be7 6. d3 b5 7. Bb3 d6 8.
a4 Bd7 9. c3 O-O 10. Ba2 h6 11. h3 Re8 12. Be3 Rb8 13. axb5 axb5 14. Nbd2
b4 15. Re1 Bf8 16. Bc4 bxc3 17. bxc3 Ne7 18. Qc2 Ng6 19. Ra7 Be6 20. Bxe6
Rxe6 21. c4 c6 22. d4 Rc8 23. Rb1 d5 24. Rbb7 dxe4 25. Nxe4 Nxe4 26. Qxe4
exd4 27. Qxd4 Qxd4 28. Nxd4 Re7 29. Rxe7 Bxe7 30. Nf5 Bf8 31. c5 Rd8 32. g4
Rd5 33. Ra8 Kh7 34. Rc8 Bxc5 35. Rxc6 1/2-1/2

[Event "FIDE World Rapid Team"]
[Site "London ENG"]
[Date "2025.06.13"]
[Round "10.2"]
[White "Donchenko, Alexander"]
[Black "Vidit, Santosh Gujrathi"]
[Result "0-1"]
[WhiteElo "2561"]
[BlackElo "2650"]
[EventDate "2025.06.11"]
[Board "4"]

1. d4 Nf6 2. c4 e6 3. Nc3 Bb4 4. e3 O-O 5. Bd3 d5 6. a3 Bxc3+ 7. bxc3 dxc4
8. Bxc4 c5 9. Ne2 Qc7 10. Ba2 b6 11. O-O Ba6 12. Re1 Nc6 13. Ng3 Rfd8 14.
Rb1 Rac8 15. Rb2 Na5 16. e4 cxd4 17. cxd4 Qc3 18. Rd2 Nc4 19. Bxc4 Bxc4 20.
Bb2 Qa5 21. h3 Qg5 22. Re3 h5 23. Ne2 h4 24. Nc3 b5 25. Kh1 a5 26. g3 b4
27. axb4 axb4 28. Ne2 Nxe4 29. Rxe4 Bd5 30. f3 Bxe4 31. fxe4 Qe3 32. Rd3
Qxe4+ 33. Kh2 Ra8 34. gxh4 Ra2 35. Rd2 Qxh4 36. Ng3 Qf4 37. Rg2 Rd5 38. Qb3
Rxb2 39. Qxb2 Rxd4 40. Qc2 g6 41. Rf2 Qd6 42. Qc8+ Kg7 43. Qb7 Rf4 44. Rg2
Kh7 45. Kh1 Qd3 46. Kh2 Qd6 47. Kh1 Qe5 48. Kg1 Qe3+ 49. Kh2 Qe5 50. Kh1
Kg7 51. Kg1 Rd4 52. Kh2 Qf4 53. Qb5 Rd5 54. Qb7 Rd3 55. Qb5 Rf3 56. Qe2 b3
57. Qe4 Qxe4 58. Nxe4 Re3 59. Nd2 Rc3 60. h4 Kh6 61. Kg1 b2 62. Rf2 Rc2 63.
Nb1 Rc1+ 64. Rf1 Kh5 65. Kg2 Rxf1 66. Kxf1 Kxh4 67. Ke2 g5 68. Kd3 g4 69.
Kc2 g3 70. Nd2 g2 0-1

[Event "FIDE World Rapid Team"]
[Site "London ENG"]
[Date "2025.06.13"]
[Round "10.2"]
[White "Divya, Deshmukh"]
[Black "Wagner, Dinara"]
[Result "1-0"]
[WhiteElo "2386"]
[BlackElo "2372"]
[EventDate "2025.06.11"]
[Board "5"]

1. e4 c5 2. Nf3 d6 3. Bb5+ Bd7 4. Bxd7+ Nxd7 5. O-O e6 6. b3 Ngf6 7. Qe2
Be7 8. Bb2 O-O 9. c4 a6 10. d4 cxd4 11. Nxd4 Qa5 12. Nc3 Rac8 13. Rac1 Rfe8
14. Rfd1 Bf8 15. h3 Qg5 16. Rd3 Ne5 17. Rg3 Qh5 18. Qd2 Ng6 19. Nf3 h6 20.
Re1 Kh8 21. Nd1 Nd7 22. Ne3 b5 23. cxb5 axb5 24. Ng4 Kh7 25. e5 d5 26. Nd4
Nc5 27. Qe2 Qh4 28. Nxb5 Ne4 29. Re3 h5 30. Nh2 Nf4 31. Qf3 Rc2 32. Rxe4
Nxh3+ 33. Qxh3 Qxh3 34. gxh3 dxe4 35. Bd4 Rxa2 36. Nd6 Rb8 37. Rb1 f6 38.
Nxe4 Rb4 39. Rd1 fxe5 40. Ng5+ Kg6 41. Be3 Rxb3 42. Nhf3 Be7 43. Nxe5+ Kf5
44. Ngf3 Rba3 45. Nc6 Bf6 46. Nfd4+ Ke4 47. Nxe6 Ra1 48. Rxa1 Rxa1+ 49. Kg2
Kd5 50. Ncd4 Ra4 51. Nf4+ Ke4 52. Nf3 h4 53. Nd2+ Kf5 54. Nd5 Bd4 55. Nf3
Bxe3 56. Nxe3+ Kf6 57. Ng4+ Kf5 58. Nxh4+ Kf4 59. Ne3 g5 60. Nf3 g4 61.
hxg4 Ra2 62. Ng1 Rb2 63. Nh3+ Ke4 64. Kg3 Rb3 65. Ng5+ Ke5 66. Nf3+ Kf6 67.
g5+ Kg6 68. Ng2 Kf5 69. Nh4+ Ke4 70. g6 Rb7 71. Kg4 Rb2 72. g7 Rxf2 73.
g8=Q Rg2+ 74. Nxg2 1-0

[Event "FIDE World Rapid Team"]
[Site "London ENG"]
[Date "2025.06.13"]
[Round "10.3"]
[White "Firouzja, Alireza"]
[Black "Kozak, Adam"]
[Result "1-0"]
[WhiteElo "2753"]
[BlackElo "2577"]
[EventDate "2025.06.11"]
[Board "1"]

1. e4 c5 2. Nf3 d6 3. d4 cxd4 4. Nxd4 Nf6 5. Nc3 Nc6 6. Bg5 Bd7 7. Qd2 Rc8
8. O-O-O Nxd4 9. Qxd4 Qa5 10. Bd2 g6 11. Bc4 Bg7 12. Bb3 O-O 13. Nd5 Qd8
14. Nxf6+ Bxf6 15. Qxa7 b5 16. Bh6 Re8 17. f4 Rc7 18. Qe3 Qc8 19. e5 Bh8
20. Rhe1 dxe5 21. fxe5 Be6 22. Kb1 Rc6 23. Bxe6 Qxe6 24. Qb3 Bxe5 25. Qxb5
f6 26. Bf4 Ra8 27. Bxe5 Qxa2+ 28. Kc1 Qa1+ 29. Kd2 Rd8+ 30. Ke2 Rxc2+ 31.
Ke3 Rxd1 32. Qe8+ Kg7 33. Qxe7+ Kg8 34. Qe6+ Kf8 35. Bd6+ Kg7 36. Qe7+ Kh6
37. Bf4+ 1-0

[Event "FIDE World Rapid Team"]
[Site "London ENG"]
[Date "2025.06.13"]
[Round "10.3"]
[White "Kantor, Gergely"]
[Black "Vachier-Lagrave, Maxime"]
[Result "1/2-1/2"]
[WhiteElo "2545"]
[BlackElo "2735"]
[EventDate "2025.06.11"]
[Board "2"]

1. e4 c5 2. Nf3 d6 3. Bb5+ Bd7 4. Bxd7+ Nxd7 5. O-O Rc8 6. Qe2 Ngf6 7. d3
e6 8. c4 g6 9. Nc3 Bg7 10. Nb5 Qb6 11. a4 a5 12. Bf4 e5 13. Bd2 O-O 14. Ne1
Rfe8 15. Nc2 Nf8 16. Qe1 Ra8 17. f4 exf4 18. Bxf4 d5 19. Bc7 Qa6 20. cxd5
c4 21. Ne3 cxd3 22. e5 N6d7 23. Nc4 Nxe5 24. Nxe5 f6 25. Qf2 fxe5 26. Qf7+
Kh8 27. Nd6 Red8 28. Bxd8 Qxd6 29. Be7 Qb6+ 30. Kh1 e4 31. d6 Qd4 32. Qb3
b6 33. Qb5 e3 34. Qc6 Rb8 35. Qc7 Ra8 36. Qb7 Re8 37. Qc6 Rb8 38. Qc7 Ra8
39. Qb7 Re8 40. Qc6 1/2-1/2

[Event "FIDE World Rapid Team"]
[Site "London ENG"]
[Date "2025.06.13"]
[Round "10.3"]
[White "Ruck, Robert"]
[Black "So, Wesley"]
[Result "0-1"]
[WhiteElo "2460"]
[BlackElo "2714"]
[EventDate "2025.06.11"]
[Board "4"]

1. Nf3 d5 2. d4 Nf6 3. c4 c6 4. Nc3 e6 5. Bg5 h6 6. Bxf6 Qxf6 7. e3 Nd7 8.
Bd3 g6 9. O-O Bg7 10. e4 dxc4 11. Bxc4 O-O 12. e5 Qe7 13. Re1 b5 14. Bd3
Rd8 15. a3 c5 16. Nxb5 Bb7 17. Be4 Bxe4 18. Rxe4 a6 19. Nd6 cxd4 20. Nc4
Nc5 21. Rxd4 Rxd4 22. Qxd4 Rd8 23. Qe3 Rd3 24. Qe2 Qd7 25. h3 Qd5 26. Rc1
Nb3 27. Rc2 Rd1+ 28. Kh2 Nc1 29. Qe3 Nd3 30. b3 g5 31. Qe2 Nf4 32. Qe3 Rd3
33. Qe1 Nxg2 34. Qh1 Qxf3 35. Qxg2 Qf4+ 0-1

[Event "FIDE World Rapid Team"]
[Site "London ENG"]
[Date "2025.06.13"]
[Round "10.3"]
[White "Hou, Yifan"]
[Black "Gaal, Zsoka"]
[Result "1-0"]
[WhiteElo "2539"]
[BlackElo "2218"]
[EventDate "2025.06.11"]
[Board "5"]

1. e4 c6 2. Nf3 d5 3. d3 g6 4. e5 Bg7 5. d4 f6 6. exf6 Nxf6 7. Be2 O-O 8.
O-O Ne4 9. c4 Nd6 10. cxd5 cxd5 11. Nc3 Nf5 12. Qb3 e6 13. Be3 Nc6 14. Rad1
a6 15. Na4 Qd6 16. g3 b5 17. Nb6 Na5 18. Nxc8 Raxc8 19. Qd3 Nxe3 20. Qxe3
Rc2 21. b3 Rxa2 22. Ra1 Rxe2 23. Qxe2 Nxb3 24. Rad1 a5 25. Kg2 Qb6 26. Rb1
Rxf3 27. Qxf3 Nd2 28. Qe2 Nxb1 29. Rxb1 b4 30. Rc1 Bxd4 31. Rc8+ Kg7 32.
Qf3 Bf6 33. Qf4 e5 34. Qc1 b3 35. Rc7+ Kg8 36. Rd7 Qb4 37. Qc8+ Qf8 38. Qb7
a4 39. Rc7 d4 40. Rc8 Bd8 41. Qd5+ Kg7 42. Rxd8 Qf5 43. Qb7+ Kh6 44. Rd7
Qxd7 45. Qxd7 b2 46. Qb5 a3 47. Qb3 d3 48. Kf1 e4 49. Ke1 Kg5 50. h3 h5 51.
Qb5+ Kh6 52. h4 1-0

[Event "FIDE World Rapid Team"]
[Site "London ENG"]
[Date "2025.06.13"]
[Round "10.3"]
[White "Marton-John, Almos Kiran"]
[Black "Rosenstein, Wadim"]
[Result "0-1"]
[WhiteElo "1909"]
[BlackElo "1704"]
[EventDate "2025.06.11"]
[Board "6"]

1. e4 c5 2. Nf3 e6 3. d4 cxd4 4. Nxd4 Nf6 5. Nc3 Nc6 6. Ndb5 Bb4 7. a3
Bxc3+ 8. Nxc3 d5 9. exd5 exd5 10. Bd3 O-O 11. O-O Bg4 12. f3 Bh5 13. Kh1
Qb6 14. b4 Bg6 15. Bb2 d4 16. Ne2 Bxd3 17. Qxd3 Rfd8 18. Rad1 a5 19. b5 Ne5
20. Bxd4 Qe6 21. Qe3 Nc4 22. Qxe6 fxe6 23. a4 e5 24. Bc3 Nd5 25. Rd3 Nxc3
26. Nxc3 Rxd3 27. cxd3 Nb2 28. Rf2 Nxd3 29. Rd2 Rd8 30. Kg1 Kf7 31. Nd1 Ke7
32. Ne3 g6 33. Kf1 Nc5 34. Rxd8 Kxd8 35. Nc4 Nxa4 36. Nxa5 Kc7 37. Nc4 Nc3
38. b6+ Kc6 39. Ke1 e4 40. f4 Nd5 41. g3 Nxb6 42. Na5+ Kc7 43. Ke2 Nd5 44.
Nb3 Kd6 45. Nd2 Nc3+ 46. Ke3 Kd5 47. g4 b5 48. h4 b4 49. h5 gxh5 50. gxh5
Nd1+ 51. Ke2 Nb2 52. h6 Nc4 53. Nb3 Ke6 54. Kf2 Kf5 55. Kg3 Kg6 56. Nc5 e3
57. Kf3 Kxh6 58. Ke2 Kg6 59. Kd3 Kf5 60. Kxc4 Kxf4 61. Kxb4 e2 62. Nd3+ Ke3
63. Kc4 h5 64. Nb4 h4 0-1

[Event "FIDE World Rapid Team"]
[Site "London ENG"]
[Date "2025.06.13"]
[Round "10.4"]
[White "Abdusattorov, Nodirbek"]
[Black "Anand, Viswanathan"]
[Result "1/2-1/2"]
[WhiteElo "2732"]
[BlackElo "2719"]
[EventDate "2025.06.11"]
[Board "1"]

1. c4 e5 2. Nc3 Nf6 3. Nf3 Nc6 4. e4 Bb4 5. d3 d6 6. h3 O-O 7. Be2 Bc5 8.
O-O Nd4 9. Nxd4 Bxd4 10. Kh1 Nd7 11. f4 exf4 12. Bxf4 Nc5 13. Qd2 Ne6 14.
Bh2 Be5 15. Bg4 Nd4 16. Bxc8 Rxc8 17. Bg1 a6 18. Rad1 Qd7 19. Bxd4 Bxd4 20.
Ne2 Bb6 21. d4 Rce8 22. Ng3 g6 23. Rf3 Re6 24. b4 c6 25. c5 dxc5 26. bxc5
Bc7 27. d5 cxd5 28. exd5 Re5 29. Qd4 Rfe8 30. d6 Bd8 31. Rb1 Qc6 32. Qf4 f5
33. Qc4+ Qd5 34. Qxd5+ Rxd5 35. Rc3 Bf6 36. Rc2 Rc8 37. Rxb7 Rcxc5 38. Rxc5
Rxc5 39. Kg1 Rd5 40. d7 Kf8 41. Ne2 Be5 42. Kf2 Ke7 43. d8=Q+ Kxd8 44. Rxh7
Ra5 45. Rh6 Rxa2 46. Rxg6 Ke7 47. g4 f4 48. g5 Ra3 49. h4 f3 50. h5 fxe2
51. Kxe2 a5 52. Ra6 Bf4 53. h6 Bxg5 54. h7 Rh3 55. Rxa5 Bf6 56. Ra7+ Ke6
57. Rb7 Be7 58. Rb6+ Kf7 59. Rc6 Rxh7 60. Kd3 Rh4 61. Rc4 Rh3+ 62. Ke4 Ke6
63. Rc6+ Bd6 64. Rc4 Rh1 65. Rd4 Be5 66. Rc4 Re1+ 67. Kd3 Kd5 68. Rc2 Bd4
69. Re2 Ra1 70. Re8 Ra3+ 71. Kd2 Be5 72. Ke2 Ke4 73. Re7 Ra2+ 74. Ke1 Kf4
75. Kd1 Bd4 76. Re2 Ra4 77. Kc2 Be3 78. Kb3 Ra8 79. Ra2 Rb8+ 80. Kc4 Ke4
81. Rc2 Rb7 82. Rc3 Bd2 83. Rc2 Ke3 84. Kd5 Kd3 85. Rc6 Bc3 86. Rd6 Rh7 87.
Kc5+ Ke4 88. Re6+ Be5 89. Rc6 Rh1 90. Kc4 Rd1 91. Rc5 Bd6 92. Rc6 Ke5 93.
Ra6 Rd4+ 94. Kc3 Bb4+ 95. Kb3 Bc5 96. Ra4 Rd1 97. Kc4 Bd4 98. Ra3 Ke4 99.
Rb3 Rc1+ 100. Kb5 Kd5 101. Rb4 Rc8 102. Rb3 Bc3 103. Ka4 Kc4 104. Rb4+ Kd3
105. Rb6 Bd4 106. Rb3+ Kc4 107. Rb4+ Kd5 108. Rb5+ Bc5 109. Rb7 Ra8+ 110.
Kb5 Ra1 111. Rd7+ Bd6 112. Rb7 Ra2 1/2-1/2

[Event "FIDE World Rapid Team"]
[Site "London ENG"]
[Date "2025.06.13"]
[Round "10.4"]
[White "Sevian, Samuel"]
[Black "Sindarov, Javokhir"]
[Result "1/2-1/2"]
[WhiteElo "2636"]
[BlackElo "2668"]
[EventDate "2025.06.11"]
[Board "2"]

1. e4 e5 2. Nf3 Nc6 3. Bc4 Nf6 4. d3 h6 5. O-O d6 6. a4 g5 7. a5 Bg7 8. a6
b6 9. Nc3 O-O 10. Nd5 Rb8 11. c3 b5 12. Nxf6+ Qxf6 13. Bb3 Rb6 14. Be3 Rxa6
15. Rxa6 Bxa6 16. h4 gxh4 17. Nh2 Qg6 18. Kh1 Bc8 19. f4 exf4 20. Bxf4 Ne5
21. Bc2 Ng4 22. d4 Nxh2 23. Bxh2 Bg4 24. Qd3 a6 25. Qe3 Re8 26. Bd3 Qh5 27.
Kg1 Bf5 28. Qf3 Bg6 29. Qxh5 Bxh5 30. Ra1 Bg6 31. Rxa6 Bxe4 32. Bxb5 Rb8
33. Bc6 Bd3 34. Ra8 Rxa8 35. Bxa8 f5 36. Bd5+ Kf8 37. Bf4 Ke7 38. Kf2 Kd7
39. Ke3 Bf1 40. Kf2 Bd3 41. Ke3 Bf1 42. Kf2 Bd3 1/2-1/2

[Event "FIDE World Rapid Team"]
[Site "London ENG"]
[Date "2025.06.13"]
[Round "10.4"]
[White "Kasimdzhanov, Rustam"]
[Black "Le, Quang Liem"]
[Result "1/2-1/2"]
[WhiteElo "2641"]
[BlackElo "2645"]
[EventDate "2025.06.11"]
[Board "3"]

1. e4 e5 2. Nf3 Nc6 3. Bb5 Nf6 4. O-O Nxe4 5. Re1 Nd6 6. Nxe5 Be7 7. Bf1
Nf5 8. Nf3 O-O 9. d4 d5 10. Nc3 Nh4 11. Nxh4 Bxh4 12. g3 Bf6 13. Bg2 Ne7
14. Ne2 c6 15. Nf4 g6 16. c3 Re8 17. Nd3 Nf5 18. Rxe8+ Qxe8 19. Bf4 Qd8 20.
Qb3 Nd6 21. Re1 Nc4 22. Nc5 b6 23. Qa4 Bd7 24. Nxd7 Qxd7 25. Qc2 Nd6 26.
Bf3 h5 27. Kg2 Re8 28. Rxe8+ Nxe8 29. c4 Bxd4 30. Qa4 Nf6 31. cxd5 c5 32.
Qxd7 Nxd7 33. b3 Kf8 34. Be2 Be5 35. Bg5 Bf6 36. Bf4 Be5 37. Bg5 Bf6
1/2-1/2

[Event "FIDE World Rapid Team"]
[Site "London ENG"]
[Date "2025.06.13"]
[Round "10.4"]
[White "Martirosyan, Haik M."]
[Black "Vokhidov, Shamsiddin"]
[Result "1/2-1/2"]
[WhiteElo "2610"]
[BlackElo "2519"]
[EventDate "2025.06.11"]
[Board "4"]

1. d4 Nf6 2. c4 e6 3. Nf3 d5 4. Nc3 Bb4 5. Bg5 h6 6. Bxf6 Qxf6 7. Qa4+ Nc6
8. e3 O-O 9. Be2 dxc4 10. O-O Bd7 11. Bxc4 Bxc3 12. bxc3 Rfd8 13. Be2 Be8
14. Qc2 Na5 15. Ne5 c5 16. Qe4 Qf5 17. Qxf5 exf5 18. g3 Rac8 19. Rfd1 Ba4
20. Rd2 Kf8 21. h4 g5 22. hxg5 hxg5 23. Bd1 Bxd1 24. Raxd1 f6 25. Nd3 Nc4
26. Re2 b6 27. Kg2 Nd6 28. Ree1 cxd4 29. cxd4 Rc2 30. Nb4 Rc4 31. Rb1 Ne4
32. Rh1 Kg7 33. Rb2 Rdc8 34. Kf3 a5 35. Nd3 Rc2 36. Rxb6 R8c3 37. Rb7+ Kg8
38. Rb8+ Kg7 39. Rb7+ Kg8 40. Rb8+ Kg7 41. Rb7+ Kg8 42. Rb8+ 1/2-1/2

[Event "FIDE World Rapid Team"]
[Site "London ENG"]
[Date "2025.06.13"]
[Round "10.4"]
[White "Khamdamova, Afruza"]
[Black "Muzychuk, Anna"]
[Result "1/2-1/2"]
[WhiteElo "2406"]
[BlackElo "2409"]
[EventDate "2025.06.11"]
[Board "5"]

1. e4 e5 2. Nf3 Nc6 3. Bb5 Nf6 4. d3 Bc5 5. c3 O-O 6. O-O d6 7. h3 a6 8.
Ba4 Ba7 9. Re1 Ne7 10. Nbd2 Ng6 11. d4 b5 12. Bc2 Re8 13. Nf1 c5 14. dxe5
dxe5 15. Qxd8 Rxd8 16. Bg5 Be6 17. Ne3 h6 18. Bxf6 gxf6 19. a4 c4 20. Nf5
Kh7 21. g3 Bc5 22. Red1 Rxd1+ 23. Bxd1 b4 24. cxb4 Bxb4 25. Be2 a5 26. Rc1
Rc8 27. Nh2 Ne7 28. Nxe7 Bxe7 29. Ng4 Kg7 30. Ne3 Rb8 31. Rc2 Rb4 32. Bxc4
Rxa4 1/2-1/2

[Event "FIDE World Rapid Team"]
[Site "London ENG"]
[Date "2025.06.13"]
[Round "10.4"]
[White "Mani, Sarbartho"]
[Black "Imomkuzieva, Nilufarkhon"]
[Result "1/2-1/2"]
[WhiteElo "1871"]
[BlackElo "1943"]
[EventDate "2025.06.11"]
[Board "6"]

1. d4 Nf6 2. Nf3 g6 3. g3 Bg7 4. Bg2 d5 5. O-O O-O 6. Nbd2 Nbd7 7. b3 a5 8.
a4 c5 9. Bb2 b6 10. Re1 Bb7 11. e3 Rc8 12. Ne5 Nxe5 13. dxe5 Ne4 14. c4 Qc7
15. cxd5 Nxd2 16. Qxd2 Bxe5 17. f4 Bxb2 18. Qxb2 Rcd8 19. Rad1 Rfe8 20. Qc3
Ba6 21. h3 e6 22. dxe6 Rxe6 23. Kh2 Red6 24. Qc2 Qd7 25. Rxd6 Qxd6 26. Qe4
Qe6 27. Qc2 Qd6 28. Qe4 f5 29. Qf3 Qd2 30. Qc6 Qd6 31. Qf3 Kf8 32. g4 fxg4
33. hxg4 Qe7 34. Qf2 Qe6 35. Qf3 Qxb3 36. Qc6 Qb2 37. Kg3 Bc8 38. Qc7 Qd2
39. Kh2 Bxg4 40. Qxb6 Bf3 41. Qf6+ Kg8 42. Qe6+ Kg7 43. Qe7+ Kg8 44. Qe6+
Kf8 45. Qf6+ 1/2-1/2

[Event "FIDE World Rapid Team"]
[Site "London ENG"]
[Date "2025.06.13"]
[Round "10.5"]
[White "Nogerbek, Kazybek"]
[Black "Hong, Andrew"]
[Result "1-0"]
[WhiteElo "2531"]
[BlackElo "2547"]
[EventDate "2025.06.11"]
[Board "1"]

1. d4 Nf6 2. c4 e6 3. Nf3 d5 4. Nc3 Nbd7 5. cxd5 exd5 6. Bg5 Bb4 7. Nd2 c6
8. e3 Nf8 9. Bxf6 Qxf6 10. Qa4 Bxc3 11. bxc3 Ng6 12. Qa3 Qe7 13. Qxe7+ Kxe7
14. c4 Bf5 15. a4 Kd6 16. a5 Ne7 17. Be2 b5 18. cxb5 cxb5 19. Bxb5 Rab8 20.
Ba4 Rb2 21. Ke2 Bc8 22. Rhb1 Ba6+ 23. Kd1 Rhb8 24. Kc1 Rxb1+ 25. Rxb1 Rc8+
26. Kd1 Rc3 27. Rb3 Rc8 28. Bb5 Bxb5 29. Rxb5 a6 30. Rb2 Rc3 31. Nb3 Nc6
32. Nc5 Nxa5 33. Rb6+ Ke7 34. Rxa6 Nb3 35. Ra7+ Kf6 36. Rc7 Kg6 37. Na6 Rc4
38. Rxc4 dxc4 39. Kc2 Kf5 40. Nc5 Nxc5 41. dxc5 Ke5 42. Kc3 Kd5 43. c6 Kxc6
44. Kxc4 Kd6 45. Kd4 Ke6 46. e4 Kd6 47. f4 h5 48. g3 Ke6 49. h3 g6 50. g4
hxg4 51. hxg4 Kd6 52. e5+ Ke6 53. Ke4 Ke7 54. Kd5 Kd7 55. g5 Ke7 56. e6
fxe6+ 57. Ke5 Kf7 58. Kd6 e5 59. fxe5 Ke8 60. Ke6 Kd8 61. Kf7 1-0

[Event "FIDE World Rapid Team"]
[Site "London ENG"]
[Date "2025.06.13"]
[Round "10.5"]
[White "Short, Nigel D"]
[Black "Makhnev, Denis"]
[Result "1/2-1/2"]
[WhiteElo "2533"]
[BlackElo "2531"]
[EventDate "2025.06.11"]
[Board "2"]

1. e4 e5 2. Nf3 Nc6 3. Bb5 a6 4. Ba4 Nf6 5. Qe2 d6 6. c3 g6 7. d4 Bd7 8.
O-O Bg7 9. Bg5 O-O 10. d5 Ne7 11. Bxf6 Bxf6 12. Bxd7 Qxd7 13. c4 c6 14. Nc3
cxd5 15. cxd5 Rfc8 16. Rfc1 Kg7 17. Rc2 Ng8 18. Rac1 Bd8 19. g3 Nf6 20. Kg2
Bb6 21. b3 Ba7 22. Qd3 Rc7 23. h3 Rac8 24. a4 Bb6 25. Nb1 Rxc2 26. Rxc2 Rc5
27. Rxc5 Bxc5 28. Ne1 Qc7 29. Qc2 Qb6 30. Nd2 Bb4 31. Nef3 Bxd2 32. Nxd2
Qd4 33. a5 h5 34. h4 Kf8 35. f3 Qb4 36. Nc4 Nd7 37. f4 exf4 38. gxf4 Ke7
39. e5 dxe5 40. fxe5 Qe1 41. Qf2 Qe4+ 42. Qf3 Qxh4 43. d6+ Ke6 44. Qxb7
Qg4+ 45. Kf2 Qd4+ 46. Ke2 Qg4+ 47. Kd2 h4 48. Qc8 Qg2+ 49. Kc3 Qh3+ 50. Kb4
Qg4 51. Ka3 Qd4 52. Qe8+ Kd5 53. Qxd7 Qa1+ 54. Kb4 Qe1+ 55. Ka3 Qa1+ 56.
Kb4 Qe1+ 1/2-1/2

[Event "FIDE World Rapid Team"]
[Site "London ENG"]
[Date "2025.06.13"]
[Round "10.5"]
[White "Agmanov, Zhandos"]
[Black "Bologan, Victor"]
[Result "1-0"]
[WhiteElo "2388"]
[BlackElo "2501"]
[EventDate "2025.06.11"]
[Board "3"]

1. e4 e5 2. Nf3 Nc6 3. Bb5 a6 4. Ba4 d6 5. O-O Nf6 6. Re1 Bd7 7. Bb3 Na5 8.
d4 Nxb3 9. axb3 exd4 10. Qxd4 Be7 11. e5 dxe5 12. Qxe5 Kf8 13. h3 h6 14.
Nc3 Bd6 15. Qd4 Bf5 16. Re2 c5 17. Qh4 Kg8 18. Bf4 Be7 19. Rd1 Qf8 20. Qg3
Rd8 21. Rde1 Be6 22. Be5 Kh7 23. Nh2 Bd6 24. Qf3 Bxe5 25. Rxe5 b6 26. Qb7
a5 27. Nf3 Qd6 28. Ne4 Nxe4 29. Qxe4+ g6 30. Qe3 Rhe8 31. Re4 Bd7 32. Ne5
Bf5 33. Nxf7 Rxe4 34. Qxe4 Bxe4 35. Nxd6 Bxc2 36. Re7+ Kg8 37. Nc4 Bxb3 38.
Nxb6 Rd1+ 39. Kh2 Rd2 40. f3 Rxb2 41. Nd7 a4 42. Nxc5 Bd5 43. Nxa4 Rc2 44.
Re3 Kf7 45. Nc3 Bc6 46. Kg3 g5 47. Ne2 Bd7 48. Nd4 Rd2 49. Nb3 Rd5 50. h4
Kf6 51. Rc3 Be6 52. Nc5 Bf5 53. Nb3 gxh4+ 54. Kxh4 Bg6 55. Rc6+ Kg7 56. Nc5
Rh5+ 57. Kg3 Rg5+ 58. Kf2 Bf7 59. Ne4 Rd5 60. Rc7 Kg6 1-0

[Event "FIDE World Rapid Team"]
[Site "London ENG"]
[Date "2025.06.13"]
[Round "10.5"]
[White "Al-Mudahka, Mohd"]
[Black "Mamedov, Edgar"]
[Result "0-1"]
[WhiteElo "2479"]
[BlackElo "2324"]
[EventDate "2025.06.11"]
[Board "4"]

1. e4 e5 2. Nf3 Nc6 3. Bb5 a6 4. Ba4 Nf6 5. O-O Be7 6. Bxc6 dxc6 7. Qe1 Nd7
8. b3 c5 9. Bb2 Bd6 10. a4 O-O 11. Na3 b6 12. Nc4 Bb7 13. d3 Qe7 14. Qe3
Rae8 15. h3 Ba8 16. Nfd2 Nb8 17. Nxd6 cxd6 18. f4 f6 19. Nc4 Qd8 20. Qg3
Nc6 21. Rf2 exf4 22. Rxf4 Ne5 23. Raf1 Bb7 24. Ne3 Ng6 25. R4f2 Bc8 26. h4
Ne5 27. h5 Rf7 28. Nd5 Ref8 29. h6 g6 30. Qh4 f5 31. Qxd8 Rxd8 32. exf5
gxf5 33. Re1 Bb7 34. Nxb6 Re8 35. Nc4 Nf3+ 36. gxf3 Rxe1+ 37. Kh2 Re6 38.
Bg7 Rfe7 39. Kg3 f4+ 40. Kxf4 Rf7+ 41. Kg3 Rg6+ 42. Kh2 Bxf3 43. Nd2 Bc6
44. Rxf7 Kxf7 45. Nc4 Rg2+ 46. Kh3 Ke6 47. c3 Rf2 48. Kh4 Bd5 49. Ne3 Bxb3
50. Ng4 Rf3 51. d4 Bxa4 52. d5+ Ke7 53. Kg5 Bc2 54. Bf6+ Kf7 55. Bg7 a5 56.
Kh4 a4 57. Be5 Ke7 0-1

[Event "FIDE World Rapid Team"]
[Site "London ENG"]
[Date "2025.06.13"]
[Round "10.5"]
[White "Zaiarski, Stepan"]
[Black "Nurakyn, Suleiman"]
[Result "0-1"]
[WhiteElo "1764"]
[BlackElo "1880"]
[EventDate "2025.06.11"]
[Board "6"]

1. d4 Nf6 2. c4 g6 3. g3 Bg7 4. Bg2 O-O 5. Nf3 d6 6. Nc3 c5 7. d5 e6 8. O-O
exd5 9. cxd5 Re8 10. Re1 Ne4 11. Nxe4 Rxe4 12. Nd2 Re8 13. a4 b6 14. Qc2
Bb7 15. Nc4 Na6 16. Bf4 Nb4 17. Qd2 Bf8 18. e4 a6 19. a5 b5 20. Nb6 Rb8 21.
Ra3 Bg7 22. Rf3 Qe7 23. Bg5 f6 24. Bh6 Bxh6 25. Qxh6 Nxd5 26. Nxd5 Bxd5 27.
Qd2 Ba8 28. Rfe3 Rbd8 29. h4 Qe5 30. f4 Qe6 31. h5 Qg4 32. hxg6 hxg6 33.
Kf2 Kg7 34. Bf3 Qe6 35. f5 gxf5 36. exf5 Qxf5 37. Rxe8 Qxf3+ 38. Kg1 Qh1+
39. Kf2 Qg2+ 0-1